000 00669nam a2200217Ia 4500
003 GCL
008 140319s9999 xx 000 0 ara d
020 _a6636345977
040 _aGCL /
_cGCL
082 0 4 _a371.26
_bب م
100 1 _aبينارى ، ناعومى
245 1 0 _aالمهارات الحركية المبكرة /
_cبينارى ، ناعومى
250 _aالاولى
260 _aالقاهرة :
_bدار الفاروق للنشر والتوزيع ،
_c2004
300 _a112 ص ؛
_c24 سم
650 0 4 _aالادراك
650 0 4 _aالحركة
650 0 4 _aالمهارات الحركية
650 0 4 _aالحواس
942 _2ddc
_cBK
999 _c7223
_d7223